🎵 Hello Kitty ✪ Chanson du ballon - Partons En Voyage | Paroles 🎵 - Statistiques

Statistiques générales
  • Ce quiz a été pris 20 fois
  • Le résultat moyen est 55 sur 86
Statistiques - réponses
Chanteuses Paroles % Correct
à
100%
en
100%
en
100%
en
100%
en
100%
mon
100%
par
100%
Hello Kitty & Mimmy Partons
100%
partons
100%
partons
100%
voyage
100%
voyage
100%
voyage
100%
voyage
100%
l'
90%
l'
90%
le
90%
le
90%
le
90%
les
90%
ne
90%
t'
90%
t'
90%
ballon
80%
nuages
80%
ciel
70%
dans
70%
dans
70%
dans
70%
et
70%
Mimmy Et
70%
je
70%
je
70%
nous
70%
nous
70%
nous
70%
nous
70%
nous
70%
des
60%
des
60%
emporté
60%
emportés
60%
enfants
60%
60%
rêves
60%
village
60%
vole
60%
vole
60%
attend
50%
au
50%
au
50%
avec
50%
avec
50%
aventure
50%
emmène
50%
pays
50%
Hello Kitty Pour
50%
que
50%
rien
50%
sages
50%
séparera
50%
sois
50%
tu
50%
vent
50%
amuser
40%
côtés
40%
dois
40%
doit
40%
être
40%
être
40%
heureuse
40%
jamais
40%
jamais
40%
moi
40%
moi
40%
monde
40%
ne
40%
nos
40%
arc-en-ciel
30%
car
30%
imagination
30%
notre
30%
savons
30%
serons
30%
Hello Kitty & Mimmy Viens
30%
viens
30%
Aucun quiz correspondant
Distribution des résultats
% des personnes avec chaque résultat
Percentile par nombre de réponses
Votre historique - résultats
Vous n’avez pas pris ce quiz